00389nam a2200133Ia 4500008004100000041001200041082001600053100002400069245009000093260003400183300000800217650001200225700001800237221030s9999 xx 000 0 und d aEnglish a105.23bDig aB. D. Duggal ( PR ) 0aFundamentals of Electricity & Magnetism ( PR )cby B. D. Duggal ( PR ), C. L. Chhabra bS. L. NaginaJalandharc2000 a470 aPhysics aC. L. Chhabra